00426cam a2200157ua 45000010005000000080039000050400009000440410008000530820013000611000030000742450068001042500009001722600033001813000010002146530044002247036160909n ii |||gr||||Z||||||asm cMAIN aasm a354.2794 aGogoi, Purandar,eAuthor. aAdministration of rural development in IndiacBy Purandar gogoi a3rd. aDibrugarh:bBanalata,c2014. a248p. aAdministration of economy & environment